Nincs többé hátrányosak iskolája Vásárhelyen
Elmentve itt :
| Szerző: | |
|---|---|
| Dokumentumtípus: | Cikk |
| Megjelent: |
2008-02-26
|
| Sorozat: | Délmagyarország
98 No. 48 |
| Kulcsszavak: | Hódmezővásárhely, Iskolareform átszervezések |
| Online Access: | http://dmarchiv.bibl.u-szeged.hu/139690 |
| LEADER | 00505nab a2200157 i 4500 | ||
|---|---|---|---|
| 001 | delm139690 | ||
| 005 | 20200116141359.0 | ||
| 008 | 200116s2008 hu o 0|| hun d | ||
| 040 | |a SZTE Délmagyarország Archívum |b hun | ||
| 041 | |a hun | ||
| 100 | 1 | |a Kormos Tamás | |
| 245 | 1 | 0 | |a Nincs többé hátrányosak iskolája Vásárhelyen |h [elektronikus dokumentum] / |c Kormos Tamás |
| 260 | |c 2008-02-26 | ||
| 300 | |a 7 | ||
| 490 | 0 | |a Délmagyarország |v 98 No. 48 | |
| 695 | |a Hódmezővásárhely, Iskolareform átszervezések | ||